01189naa a2200181 i 4500001000400000003000400004005001700008008003900025040000800064041000800072044000800080100012200088245012600210260001000336500002100346520043300367773020700800BPPBPK20140731135927.0140731s2008 pl f |000 0 eng cBPK aeng aPOL aŁUKIANOWICZ, Czesław.d1996 - .bPolitechnika Koszalińska - Wydział Mechaniczny,cKatedra Inżynierii Produkcji aPractical problems in measuring coaxiality by coordinate measuring machine /cSławomir Bubnowicz, Czesław Łukianowicz. c2008. aDane z autopsji. aIn the paper, some problems in measuring of location deviations by coordinate measuring machine in production are presented. Special attention is given to the question tolerancing and measuring of coaxial deviations. Different methods of a choice of coordinate system, reference surfaces and measuring strategy are considered. Influence of various factors on the accuracy of the measurement of the coaxial deviation is analysed. iW :tCoordinate measuring technique. Problems and implementations / ed. by Eugeniusz Ratajczak and Władysław Jakubiec. -dBielsko-Biała : Wydaw. Akademii Techniczno-Humanistcznej, 2008. -gs. 223-230